• 首页
  • 本馆介绍
  • 公告通知
  • 最新文献
  • 馆藏检索
  • 电子资源
  • 读者导购
  • 参考咨询
  • 我的图书馆
  • 登录
  • 详细信息显示
  • 放入我的书架
  • 预约/预借图书
  • 作者相关作品
  • 分类相关作品
  • 丛书相关作品
  • 出版社相关作品

书目信息

  • 表格格式
  • 工作单格式
  • 卡片格式
题名:
交际语言
    
 
作者: 聂莉娜 著
分册:  
出版信息: 北京   北京师范大学出版社  1999
页数: 10,284页
开本: 20cm
丛书名: 实用交际艺术丛书
单 册:
中图分类: H019 , C912
科图分类:
主题词: 言语交往 , 社会结构 , 社会关系
电子资源:
ISBN: 7-303-04982-7
000 00680oam2 2200265 450
001 1542341931
005 20150126114558.93
010    @a7-303-04982-7@dCNY15.00
100    @a20021005d1999 em y0chiy0110 ea
101 0  @achi
102    @aCN@b110000
105    @ay z 000yy
200 1  @a交际语言@9jiao ji yu yan@f聂莉娜著
210    @a北京@c北京师范大学出版社@d1999
215    @a10,284页@d20cm
225 2  @a实用交际艺术丛书
461  0 @12001 @a实用交际艺术丛书
606 0  @a言语交往
606 0  @a社会结构
606 0  @a社会关系
690    @aH019@v5
690    @aC912@v4
701  0 @a聂莉娜@9nie li na@4著
801  0 @aCN@bTSSF@c20150126
905    @aZUCC@dC912@eJY84
    
    交际语言/聂莉娜著.-北京:北京师范大学出版社,1999
    10,284页;20cm.-(实用交际艺术丛书)
    
    
    ISBN 7-303-04982-7:CNY15.00
    
●
相关链接 在E读中查询图书 在五车中查询图书 在当当中查询图书 在豆瓣中查询图书


正题名:交际语言     索取号:C912/JY84         预约/预借

序号 登录号 条形码 馆藏地/架位号 状态 备注
1 7860050   278600505   学院路分馆/ [索取号:C912/JY84] 在馆    
唐山师范学院图书馆 欢迎您!
大连网信软件有限公司© 版权所有